[Event "Abierto Legislatura Norberto La Porta in memoriam"]
[Site "Buenos Aires, ARG"]
[Date "2009.04.07"]
[Round "4.39"]
[White "Paternoste, Martin"]
[Black "Cordero, Alfredo Rodolfo"]
[Result "1-0"]
[WhiteElo "2024"]
[BlackElo "2185"]

1. Nf3 d5 2. c4 e6 3. e3 Nf6 4. b3 Be7 5. Bb2 O-O 6. Be2 b6 7. Qc2 Bb7 8.
cxd5 exd5 9. d3 Nbd7 10. Nd4 Bb4+ 11. Nd2 c5 12. Nf5 Ne8 13. h4 Nb8 14. Rh3 Bc8
15. Rf3 Be6 16. a3 Bxd2+ 17. Kxd2 Nc6 18. Nxg7 d4 19. Nxe6 fxe6 20. Rg3+ Kf7
21. Bf3 Rc8 22. Qd1 Ne5 23. exd4 cxd4 24. Qe2 Nxf3+ 25. Rxf3+ Ke7 26. Rxf8
Kxf8 27. Qxe6 Rc5 28. Re1 Ng7 29. Qe4 Rd5 30. Qxh7 Rh5 31. Qg6 Qxh4 32. Qd6+
Kg8 33. Qxd4 Qg5+ 34. f4 Qxg2+ 35. Re2 1-0

[Event "Abierto Legislatura Norberto La Porta in memoriam"]
[Site "Buenos Aires, ARG"]
[Date "2009.04.07"]
[Round "4.40"]
[White "Rasgido, Alejandro"]
[Black "Bustamante, Leonidas"]
[Result "0-1"]
[WhiteElo "2003"]
[BlackElo "2179"]

1. d4 c5 2. c3 Nf6 3. Bg5 Qb6 4. Qc2 cxd4 5. cxd4 Nc6 6. Bxf6 gxf6 7. e3 d6
8. Nc3 Bf5 9. Qd2 Rc8 10. Nf3 a6 11. Nh4 Bd7 12. Bd3 e6 13. Rc1 Qa5 14. Ne4
Qd8 15. Nf3 d5 16. Nc5 Bxc5 17. Rxc5 Ne7 18. b4 Rxc5 19. bxc5 Bc6 20. O-O Qc7
21. Qe2 Ng6 22. h4 e5 23. h5 e4 24. hxg6 hxg6 25. g3 exd3 26. Qd2 Qd7 27. Nh2
Qh3 28. f3 Qxg3+ 29. Qg2 Qxg2+ 30. Kxg2 f5 31. Rd1 Bb5 32. Nf1 Kd7 33. Nd2
Kc7 34. Nb1 Rd8 35. Kf2 Rh8 36. Kg3 g5 37. Nc3 Bc4 38. e4 dxe4 39. fxe4 fxe4
40. Nxe4 Rh4 0-1

[Event "Abierto Legislatura Norberto La Porta in memoriam"]
[Site "Buenos Aires, ARG"]
[Date "2009.04.07"]
[Round "4.44"]
[White "Quenallata, Luciano"]
[Black "Ruiz Tristan, Francisco"]
[Result "1-0"]
[WhiteElo "2165"]
[BlackElo "1918"]

1. d4 g6 2. e4 Bg7 3. Bc4 d6 4. Nf3 Nf6 5. Qe2 O-O 6. O-O Ne8 7. c3 c6 8. Bg5
h6 9. Bh4 Bf6 10. e5 Bxh4 11. Nxh4 d5 12. Bd3 e6 13. Qg4 Ng7 14. f4 h5 15.
Qg3 Qe8 16. Nd2 Nf5 17. Nxf5 exf5 18. Be2 Kh7 19. Nf3 Rh8 20. Rae1 Nd7 21. Bd3
Nf8 22. Ng5+ Kg7 23. e6 fxe6 24. Bxf5 h4 25. Qg4 exf5 26. Rxe8 fxg4 27. Rfe1
Kf6 28. R8e7 Rh7 29. Nxh7+ Nxh7 30. Rxh7 Bf5 31. Rxh4 g5 32. Rh6+ Bg6 33. f5
1-0

[Event "Abierto Legislatura Norberto La Porta in memoriam"]
[Site "Buenos Aires, ARG"]
[Date "2009.04.07"]
[Round "4.45"]
[White "Bertaccini, Daniel"]
[Black "Ocampos, Ian"]
[Result "1-0"]
[WhiteElo "2160"]
[BlackElo "1973"]

1. c4 Nf6 2. Nf3 c6 3. Nc3 d5 4. d4 e6 5. Qc2 Nbd7 6. cxd5 exd5 7. Bf4 Bb4 8.
e3 Ne4 9. Bd3 Ndf6 10. O-O O-O 11. Nxe4 dxe4 12. Bxe4 Nxe4 13. Qxe4 f5 14.
Qc2 Qd5 15. Be5 h6 16. a3 Be7 17. Rac1 Be6 18. Rfe1 Qd7 19. Bg3 Bd5 20. Ne5
Qe6 21. f3 Bg5 22. Bf2 Rae8 23. Qc3 Bf6 24. Nd3 g5 25. Nc5 Qf7 26. b4 g4 27. f4
h5 28. Qd3 Bd8 29. g3 b6 30. Na4 h4 31. b5 hxg3 32. Bxg3 Qh5 33. Nc3 Bf3 34.
bxc6 Bh4 35. Ne2 Kg7 36. Bxh4 Qxh4 37. Ng3 Rh8 38. Nxf5+ 1-0

[Event "Abierto Legislatura Norberto La Porta in memoriam"]
[Site "Buenos Aires, ARG"]
[Date "2009.04.07"]
[Round "4.46"]
[White "Mendez, Pablo Amadeo"]
[Black "Molina, Pablo Sebastian"]
[Result "1-0"]
[WhiteElo "2160"]
[BlackElo "1959"]

1. e4 e5 2. Nf3 Nc6 3. Bb5 a6 4. Ba4 Nf6 5. d3 b5 6. Bb3 Be7 7. c3 d6 8. Nbd2
Na5 9. Bc2 c5 10. O-O O-O 11. Re1 g6 12. Nf1 Nh5 13. d4 Qc7 14. Bh6 Ng7 15.
Ne3 Be6 16. b3 Rad8 17. d5 Bc8 18. g4 f6 19. Kh1 Nb7 20. Qe2 Rd7 21. Rg1 Rdd8
22. Rg3 Rde8 23. Qd2 Nd8 24. Rag1 g5 25. Nf5 Bxf5 26. gxf5 Nf7 27. Bxg7 Kxg7
28. h4 h6 29. Bd1 Rh8 30. Be2 Rb8 31. Ne1 Kf8 32. Bh5 Bd8 33. Nd3 Qe7 34.
Qe2 Ke8 35. f4 Kd7 36. Bxf7 Qxf7 37. fxe5 fxe5 38. f6 Bxf6 39. Rf1 Qe7 40. Rgf3
Rhf8 41. a4 Bg7 42. axb5 axb5 43. Rxf8 Rxf8 44. Nxc5+ dxc5 45. Qxb5+ Kd8 46.
Qb8+ Kd7 47. Qb7+ Kd8 48. Qa8+ Kd7 49. Qc6+ Kd8 50. Ra1 Rf1+ 51. Rxf1 g4 52.
Qa8+ Kd7 53. Qb7+ Kd8 54. Qxe7+ Kxe7 55. Rf5 Bf6 56. h5 g3 57. Kg2 Bg7 58.
Kxg3 Bh8 59. Kg4 1-0

[Event "Abierto Legislatura Norberto La Porta in memoriam"]
[Site "Buenos Aires, ARG"]
[Date "2009.04.07"]
[Round "4.49"]
[White "Vigil, Lucas"]
[Black "Tenti, Joaquin"]
[Result "0-1"]
[WhiteElo "1978"]
[BlackElo "2131"]

1. d4 d5 2. c4 c6 3. Nc3 Nf6 4. Bg5 e6 5. e3 Nbd7 6. Nf3 Qa5 7. Qb3 Ne4 8.
Bf4 Bb4 9. Rc1 O-O 10. Bd3 f5 11. O-O Ndf6 12. Bc7 Qxc7 13. Qxb4 Qb6 14. Qa3 a5
15. Na4 Qb4 16. c5 Bd7 17. Nb6 Qxa3 18. bxa3 Rad8 19. Rc2 Be8 20. Rb1 Rf7
21. Rb3 Rc7 22. Rcb2 Bh5 23. Ne5 Bd1 24. Bc2 Bxc2 25. Rxc2 Ng5 26. Rcb2 Re8 27.
Kf1 Nf7 28. Nxf7 Kxf7 29. Na4 Ree7 30. Ke2 g5 31. Nc3 Kg6 32. Kd3 h5 33. Nb1
h4 34. Nd2 e5 35. dxe5 Nd7 36. Kd4 Nxe5 37. f4 gxf4 38. exf4 Nc4 39. Nxc4
Re4+ 40. Kc3 Rxc4+ 41. Kd3 Rxf4 42. Rxb7 Rxb7 43. Rxb7 Rc4 44. Ra7 Rxc5 45. Ra6
Kg5 46. a4 Kf4 47. a3 Ke5 48. Ra8 Kd6 49. Ra7 Ke6 50. Kd2 Ke5 51. Kd3 Rc1
0-1

[Event "Abierto Legislatura Norberto La Porta in memoriam"]
[Site "Buenos Aires, ARG"]
[Date "2009.04.08"]
[Round "5.01"]
[White "Goldwaser, Christian"]
[Black "Rodriguez Vila, Andres"]
[Result "0-1"]
[WhiteElo "2361"]
[BlackElo "2524"]

1. Nf3 e6 2. c4 Nf6 3. Nc3 Bb4 4. Qc2 c5 5. a3 Ba5 6. g3 Nc6 7. Bg2 O-O 8.
O-O d6 9. d3 Bd7 10. Rd1 Qe7 11. e3 Rac8 12. b3 e5 13. Nd2 Bg4 14. Rf1 Qd7 15.
Bb2 Bh3 16. Rad1 Bxg2 17. Kxg2 d5 18. Nxd5 Nxd5 19. cxd5 Qxd5+ 20. Nf3 b5 21.
Rc1 Bb6 22. Rfd1 h6 23. Qb1 f5 24. Qc2 f4 25. gxf4 exf4 26. e4 Qh5 27. Rg1
Rc7 28. h3 Rd8 29. b4 cxb4 30. axb4 Nd4 31. Qd1 Nxf3 32. Rxc7 Bxc7 33. Qxf3
Qxf3+ 34. Kxf3 Rxd3+ 35. Ke2 Rd7 36. Rg6 Bd6 37. Bc3 Bf8 38. Ra6 Be7 39. Rg6
f3+ 40. Ke1 Rd3 41. Bd2 Rd4 42. Ra6 Bxb4 43. Bxb4 Rxb4 44. Rxa7 Rxe4+ 0-1

[Event "Abierto Legislatura Norberto La Porta in memoriam"]
[Site "Buenos Aires, ARG"]
[Date "2009.04.08"]
[Round "5.02"]
[White "Diaz Hollemaert, Nahuel"]
[Black "Villanueva, Mario"]
[Result "1/2-1/2"]
[WhiteElo "2443"]
[BlackElo "2311"]

1. Nf3 Nf6 2. g3 g6 3. b3 Bg7 4. Bb2 O-O 5. Bg2 d6 6. d4 e5 7. dxe5 Nfd7 8.
O-O dxe5 9. e4 Nc6 10. Na3 Nc5 11. Nc4 Qxd1 12. Raxd1 Nxe4 13. Nfxe5 Nxe5 14.
Nxe5 Nf6 15. Rfe1 c6 16. Nc4 Bg4 17. f3 Bf5 18. g4 Be6 19. Na5 Rab8 20. Be5
Nd5 21. Bxb8 Rxb8 22. Nc4 Nc3 23. Rd3 Nxa2 24. Ne5 Nb4 25. Rd2 Bh6 26. Rde2
Nd5 27. c4 Nf4 28. Ra2 Bf8 29. Rd1 Bc5+ 30. Kf1 Kg7 31. Nd3 Rd8 32. Nf2 Rxd1+
33. Nxd1 Nd3 34. Rc2 Bb4 35. Ne3 a5 36. Ke2 Nc5 37. Rb2 f5 38. gxf5 gxf5 39.
f4 Kf6 40. Rb1 Bf7 41. Bf3 Ne6 42. Nc2 Bc5 43. Kd2 Nxf4 44. Ra1 Bb6 45. c5 Bc7
46. b4 Ne6 47. bxa5 Nxc5 48. Kd1 Bc4 49. Nd4 Ke5 50. Nc2 Nb3 51. Ra4 Nxa5
52. Be2 Bf7 53. Nd4 Nb3 54. Nf3+ Kf6 55. Rh4 Bg6 56. Rc4 Bd6 57. h4 Bf7 58. Ra4
Nc5 59. Ra7 Bb3+ 60. Ke1 Bd5 61. Kf1 h6 62. Ra8 Ne4 63. Bd3 Ng3+ 64. Kf2 f4
65. Rh8 Bc5+ 66. Kg2 Kg7 67. Rh7+ Kg8 68. Rxb7 Be3 69. Bc2 Kf8 70. Bb3 Be4
71. Rf7+ Ke8 72. Rf6 h5 73. Bc4 Ke7 74. Rh6 Kf8 75. Rf6+ Ke7 76. Rh6 Kd7 77.
Bf7 Ke7 78. Bc4 c5 79. Ra6 Kd8 80. Rd6+ Kc7 81. Re6 Kd7 82. Rf6 Ke7 83. Re6+
Kd7 84. Rf6 Ke7 1/2-1/2

[Event "Abierto Legislatura Norberto La Porta in memoriam"]
[Site "Buenos Aires, ARG"]
[Date "2009.04.08"]
[Round "5.03"]
[White "Nedilski, Diego"]
[Black "Cubas, Jose Fernando"]
[Result "1/2-1/2"]
[WhiteElo "2290"]
[BlackElo "2434"]

1. d4 d5 2. c4 c6 3. Nf3 Nf6 4. Nc3 e6 5. e3 a6 6. Bd3 dxc4 7. Bxc4 b5 8. Be2
c5 9. O-O Bb7 10. dxc5 Bxc5 11. Qxd8+ Kxd8 12. a3 Ke7 13. b4 Bd6 14. Bb2
Nbd7 15. Nd2 Rac8 16. Rfc1 Rhd8 17. Nb3 Nb6 18. Na5 Ba8 19. Nd1 Nfd7 20. Rxc8
Rxc8 21. Rc1 Rxc1 22. Bxc1 f6 23. Bb2 Ne5 24. Bd4 Na4 25. Nb2 Nxb2 26. Bxb2 Bd5
27. f3 Kd7 28. h3 Bc7 29. Kf2 Bxa5 30. bxa5 Bc4 31. Bc3 Bxe2 32. Bxe5 Bxf3
33. Kxf3 fxe5 34. Ke4 Kd6 35. Kd3 Kc5 36. Kc3 Kd5 37. Kd3 Kc5 38. Kc3 e4 39.
Kb3 h5 40. g3 g5 41. Kc3 h4 42. g4 e5 43. Kb3 Kc6 44. Kc3 Kc5 45. Kb3 Kc6 46.
Kc3 Kc5 47. Kb3 1/2-1/2

[Event "Abierto Legislatura Norberto La Porta in memoriam"]
[Site "Buenos Aires, ARG"]
[Date "2009.04.08"]
[Round "5.04"]
[White "Della Morte, German"]
[Black "Olivera, Horacio"]
[Result "1-0"]
[WhiteElo "2382"]
[BlackElo "2257"]

1. e4 e5 2. Nf3 d6 3. d4 Nf6 4. Nc3 Nbd7 5. g3 Be7 6. Bg2 O-O 7. O-O c6 8. a4
b6 9. h3 Re8 10. Be3 Qc7 11. Nd2 Bb7 12. f4 Rad8 13. g4 exd4 14. Bxd4 c5 15.
Bf2 d5 16. e5 Ne4 17. Ndxe4 dxe4 18. Qe2 g5 19. e6 fxe6 20. fxg5 Bxg5 21.
Bxe4 Nf8 22. Bxb7 Qxb7 23. Ne4 Qe7 24. Be3 Bxe3+ 25. Qxe3 Nd7 26. Ng5 Nf6 27.
Rae1 Rd6 28. Rxf6 Qxf6 29. Ne4 Qe5 30. Nxd6 Qxd6 31. Qg5+ Kh8 32. Qf6+ Kg8 33.
Re5 Qd1+ 34. Kg2 Qxc2+ 35. Kg3 h6 36. Qxh6 Qd3+ 37. Kh4 Qh7 38. Kg5 Qg7+ 39.
Qxg7+ Kxg7 40. h4 Kf7 41. h5 Rg8+ 42. Kf4 Rd8 43. Re2 Rd5 44. Rh2 Kf6 45. h6
Rd4+ 46. Ke3 Rd8 47. h7 Kg7 48. Ke4 Kh8 49. Ke5 Rd4 50. g5 Rd5+ 51. Kf6 e5
52. g6 Rd6+ 53. Kg5 1-0

[Event "Abierto Legislatura Norberto La Porta in memoriam"]
[Site "Buenos Aires, ARG"]
[Date "2009.04.08"]
[Round "5.05"]
[White "Valerga, Diego"]
[Black "Perelman, Hernan"]
[Result "1-0"]
[WhiteElo "2523"]
[BlackElo "2326"]

1. d4 Nf6 2. c4 c5 3. d5 b5 4. cxb5 a6 5. f3 axb5 6. e4 Qa5+ 7. Bd2 b4 8. Na3
d6 9. Nc4 Qc7 10. a3 e6 11. dxe6 Bxe6 12. axb4 Rxa1 13. Qxa1 d5 14. exd5
Nxd5 15. Qa4+ Bd7 16. Qa5 Nc6 17. Qa8+ Qd8 18. Qxd8+ Nxd8 19. Ne5 Nxb4 20. Nxd7
Kxd7 21. Bb5+ Ndc6 22. Ne2 Kc7 23. Nc3 Bd6 24. Bc4 Be5 25. f4 Bf6 26. Kf2 Rd8
27. Be3 Kc8 28. Rd1 Nd4 29. Ne4 Be7 30. Bxf7 Nbc2 31. Rc1 Rf8 32. Bxd4 Nxd4
33. Nxc5 Rxf7 34. Nb3+ Kb7 35. Nxd4 Rxf4+ 36. Ke3 Bg5 37. Rc7+ Kxc7 38. Ne6+
Kd6 39. Nxf4 Kc5 {Planilla Ilegible} 1-0

[Event "Abierto Legislatura Norberto La Porta in memoriam"]
[Site "Buenos Aires, ARG"]
[Date "2009.04.08"]
[Round "5.06"]
[White "Blit, Jacques"]
[Black "Mareco, Sandro"]
[Result "1-0"]
[WhiteElo "2324"]
[BlackElo "2512"]

1. e4 e5 2. Nf3 Nc6 3. Bc4 Bc5 4. c3 Nf6 5. d3 a6 6. O-O d6 7. Bb3 Ba7 8.
Nbd2 O-O 9. h3 Be6 10. Re1 Re8 11. Nf1 h6 12. Ng3 d5 13. Qe2 b5 14. Nh4 Nxe4 15.
dxe4 Qxh4 16. exd5 Bxh3 17. Qf3 Bg4 18. Re4 Bxf3 19. Rxh4 1-0

[Event "Abierto Legislatura Norberto La Porta in memoriam"]
[Site "Buenos Aires, ARG"]
[Date "2009.04.08"]
[Round "5.07"]
[White "Slipak, Sergio"]
[Black "Meza, Hugo"]
[Result "1-0"]
[WhiteElo "2446"]
[BlackElo "2315"]

1. c4 Nf6 2. Nc3 e6 3. e4 d5 4. e5 d4 5. exf6 dxc3 6. bxc3 Qxf6 7. Nf3 c5 8.
Bd3 Be7 9. O-O O-O 10. Re1 Nc6 11. Be4 Bd7 12. d4 h6 13. Ne5 Rfd8 14. Ng4 1-0

[Event "Abierto Legislatura Norberto La Porta in memoriam"]
[Site "Buenos Aires, ARG"]
[Date "2009.04.08"]
[Round "5.08"]
[White "Landriel, Mario"]
[Black "Real De Azua, Ernesto"]
[Result "0-1"]
[WhiteElo "2271"]
[BlackElo "2446"]

1. d4 Nf6 2. Nc3 d5 3. Bg5 Bf5 4. Bxf6 gxf6 5. e3 e6 6. Bd3 Bg6 7. Nge2 c5 8.
dxc5 Bxc5 9. h4 Nc6 10. h5 Bxd3 11. cxd3 d4 12. exd4 Bxd4 13. Qb3 Bxc3+ 14.
bxc3 Qc7 15. d4 O-O-O 16. Rd1 Rhg8 17. Kf1 Na5 18. Qc2 Qc6 19. Rh2 f5 20. Qd3
Nc4 21. Rb1 Kb8 22. f3 Rc8 23. Kf2 Qa6 24. Rhh1 Qxa2 25. Rb4 Qd2 26. Qxd2
Nxd2 27. Rd1 Nc4 28. d5 e5 29. f4 f6 30. Rd3 Nd6 31. fxe5 fxe5 32. Re3 Rce8 33.
c4 Rg4 34. Rf3 Kc7 35. Kf1 a5 36. Ra4 b6 37. Ng3 f4 38. Ne2 Ne4 39. Ra2 Reg8
40. Nc1 Rh4 41. Kg1 Ng3 42. d6+ Kd7 43. Kf2 Rh1 0-1

[Event "Abierto Legislatura Norberto La Porta in memoriam"]
[Site "Buenos Aires, ARG"]
[Date "2009.04.08"]
[Round "5.09"]
[White "Cuevas, Alex"]
[Black "Dos Santos, Ramiro"]
[Result "0-1"]
[WhiteElo "2244"]
[BlackElo "2441"]

1. e4 c5 2. Nf3 Nc6 3. Nc3 Nf6 4. d4 cxd4 5. Nxd4 e5 6. Nde2 Bc5 7. Ng3 Qb6
8. Qd2 Ng4 9. Nd1 O-O 10. h3 Nf6 11. Ne3 Nb4 12. Nc4 Qe6 13. a3 Nc6 14. b4 Bb6
15. Nxb6 axb6 16. c4 Nd4 17. Rb1 b5 18. c5 b6 19. Bd3 bxc5 20. bxc5 Qc6 21.
Bb2 Qxc5 22. Bxd4 Qxd4 23. Nf5 Nxe4 24. Qc2 Qc3+ 25. Qxc3 Nxc3 26. Rb3 b4 27.
Rxb4 d5 28. Ne7+ Kh8 29. Rh4 e4 30. Nxd5 Nxd5 31. Bxe4 Ra4 32. Rxh7+ Kg8 33.
Rh4 Re8 0-1

[Event "Abierto Legislatura Norberto La Porta in memoriam"]
[Site "Buenos Aires, ARG"]
[Date "2009.04.08"]
[Round "5.10"]
[White "Liascovich, Lucas"]
[Black "Mayorga, Nicolas"]
[Result "1-0"]
[WhiteElo "2439"]
[BlackElo "2306"]

1. d4 c5 2. d5 Nf6 3. f3 g6 4. e4 d6 5. c4 Bg7 6. Ne2 O-O 7. Nec3 e6 8. Bg5
exd5 9. cxd5 h6 10. Be3 Nbd7 11. Qd2 Kh7 12. Na3 Re8 13. Nc4 Ne5 14. Nxe5 Rxe5
15. Bd3 Rb8 16. O-O a6 17. a4 b5 18. axb5 axb5 19. b4 cxb4 20. Nxb5 Re7 21.
Nd4 Bd7 22. Ra6 Qc8 23. Rc1 Qh8 24. Nb3 Ne8 25. Ra7 Bc3 26. Qf2 Qf6 27. f4
Bc8 28. Ra5 Ng7 29. h3 h5 30. Nd4 Bd7 31. Ra6 Ne8 32. e5 {Planilla Ilegible}
1-0

[Event "Abierto Legislatura Norberto La Porta in memoriam"]
[Site "Buenos Aires, ARG"]
[Date "2009.04.08"]
[Round "5.11"]
[White "Krysa, Leandro"]
[Black "Perez Ponsa, Federico"]
[Result "1-0"]
[WhiteElo "2238"]
[BlackElo "2389"]

1. d4 Nf6 2. c4 c5 3. d5 e6 4. Nc3 exd5 5. cxd5 d6 6. e4 g6 7. f4 Bg7 8. Bb5+
Nbd7 9. e5 dxe5 10. fxe5 Nh5 11. e6 Qh4+ 12. g3 Nxg3 13. hxg3 Qxh1 14. exd7+
Bxd7 15. Bxd7+ Kxd7 16. Qa4+ Kd8 17. Bg5+ f6 18. Be3 Re8 19. Kd2 Bh6 20.
Bxh6 Qxh6+ 21. Qf4 Qxf4+ 22. gxf4 Kd7 23. Kd3 Rad8 24. Nf3 b5 25. Nxb5 Rb8 26.
Nc3 Rb4 27. Rh1 h5 28. Rh4 g5 29. a3 Rd4+ 30. Nxd4 c4+ 31. Kxc4 gxh4 32. Na4
h3 33. Nc5+ Kc7 34. Nde6+ Kc8 35. d6 Rxe6 36. d7+ Kd8 37. Nxe6+ Kxd7 38. Nc5+
Kd6 39. Kd4 h2 40. Ne4+ Ke6 41. Ng3 f5 42. Kc5 h4 43. Nh1 Kf6 44. Kd5 1-0

[Event "Abierto Legislatura Norberto La Porta in memoriam"]
[Site "Buenos Aires, ARG"]
[Date "2009.04.08"]
[Round "5.12"]
[White "Julia, Ernesto"]
[Black "Gargiulo, Lucas"]
[Result "1-0"]
[WhiteElo "2371"]
[BlackElo "2225"]

1. b4 c6 2. e3 Qb6 3. a3 d5 4. c4 Nf6 5. Bb2 a5 6. c5 Qc7 7. Bxf6 exf6 8. Nc3
b6 9. d4 Be7 10. Bd3 O-O 11. Nge2 b5 12. O-O Be6 13. Qc2 g6 14. Nf4 f5 15.
Rfb1 Nd7 16. Bxb5 cxb5 17. Ncxd5 Bxd5 18. Nxd5 Qd8 19. a4 axb4 20. axb5 b3 21.
Qxb3 Rxa1 22. Rxa1 Nxc5 23. dxc5 Bxc5 24. b6 Bd6 25. g3 Bb8 26. Rc1 Qd6 27.
Rc6 Qe5 28. b7 f4 29. gxf4 Qa1+ 30. Kg2 1-0

[Event "Abierto Legislatura Norberto La Porta in memoriam"]
[Site "Buenos Aires, ARG"]
[Date "2009.04.08"]
[Round "5.13"]
[White "Granara Barreto, Sebastian A."]
[Black "Filgueira, Hernan"]
[Result "1/2-1/2"]
[WhiteElo "2198"]
[BlackElo "2354"]

1. d4 d6 2. c4 e5 3. dxe5 dxe5 4. Qxd8+ Kxd8 5. Nf3 f6 6. Nc3 c6 7. g3 Be6 8.
b3 Bb4 9. Bb2 Nh6 10. O-O-O+ Kc7 11. h3 Nf7 12. Bg2 Na6 13. Ne1 Nc5 14. Nc2
a5 15. Ne4 Nxe4 16. Bxe4 Bc5 17. e3 a4 1/2-1/2

[Event "Abierto Legislatura Norberto La Porta in memoriam"]
[Site "Buenos Aires, ARG"]
[Date "2009.04.08"]
[Round "5.14"]
[White "Schweber, Samuel"]
[Black "Bianchi, Lucas"]
[Result "0-1"]
[WhiteElo "2349"]
[BlackElo "2090"]

1. d4 Nf6 2. c4 g6 3. Nc3 Bg7 4. e4 d6 5. f4 O-O 6. Nf3 c5 7. d5 b5 8. cxb5
a6 9. a4 Qa5 10. Nd2 Ng4 11. Nc4 Bxc3+ 12. bxc3 Qxc3+ 13. Bd2 Qd4 14. Qb1 axb5
15. h3 bxc4 16. hxg4 c3 17. Bc1 Bxg4 18. Be2 c2 19. Qxc2 Bxe2 20. Ra3 Bg4
21. Bb2 Qb4+ 22. Kf2 Nd7 23. Rb3 Qa5 24. Kg3 f5 25. Rb7 Ra7 26. Rxa7 Qxa7 27.
e5 c4 28. Qc3 dxe5 29. fxe5 Rb8 30. Qc2 Qe3+ 31. Kh2 Rb3 32. e6 Qg3+ 33. Kg1
Re3 34. Qf2 Re1+ 35. Qf1 Rxf1+ 36. Kxf1 Qd3+ 37. Kg1 0-1

[Event "Abierto Legislatura Norberto La Porta in memoriam"]
[Site "Buenos Aires, ARG"]
[Date "2009.04.08"]
[Round "5.16"]
[White "Pucill, Facundo"]
[Black "Rodriguez, Jorge Luis"]
[Result "0-1"]
[WhiteElo "2170"]
[BlackElo "2393"]

1. e4 c5 2. Nf3 Nc6 3. d4 cxd4 4. Nxd4 g6 5. c4 Nf6 6. Nc3 d6 7. Be2 Nxd4 8.
Qxd4 Bg7 9. Bg5 O-O 10. Qd2 Be6 11. Rc1 Qa5 12. b3 Rfc8 13. Nd5 Qxd2+ 14.
Bxd2 Bxd5 15. exd5 Ne4 16. Bd3 Nxd2 17. Kxd2 Bh6+ 18. Kc3 Bxc1 19. Rxc1 Rc7 20.
Kb4 Re8 21. a4 e6 22. Be4 f5 23. Bf3 e5 24. c5 e4 25. Be2 Rec8 26. c6 bxc6
27. dxc6 Rxc6 28. Rxc6 Rxc6 29. Bc4+ Kg7 30. a5 Kf6 31. Kb5 Rc5+ 32. Ka6 Rxc4
33. bxc4 f4 34. Kxa7 e3 35. fxe3 fxe3 36. Kb7 e2 37. a6 e1=Q 38. a7 Qb4+ 0-1

[Event "Abierto Legislatura Norberto La Porta in memoriam"]
[Site "Buenos Aires, ARG"]
[Date "2009.04.08"]
[Round "5.17"]
[White "Flores, Diego"]
[Black "Ruperez, Miguel Angel"]
[Result "1-0"]
[WhiteElo "2585"]
[BlackElo "2118"]

1. c4 c6 2. Nf3 d5 3. e3 Nf6 4. Nc3 Bg4 5. Qb3 Qb6 6. Ne5 Be6 7. d4 g6 8.
cxd5 Qxb3 9. axb3 Nxd5 10. Bc4 Nc7 11. e4 Bxc4 12. bxc4 Bg7 13. Nf3 O-O 14. Ke2
Nba6 15. Be3 Nb4 16. Rhc1 b6 17. Ra4 a5 18. Na2 Nca6 19. Nc3 Nc7 20. g4 Rfd8
21. d5 c5 22. g5 e5 23. h4 Ne8 24. Nb5 Nd6 25. Nxd6 Rxd6 26. Nh2 Na6 27. Ng4
Re8 28. Rh1 Nc7 29. h5 gxh5 30. Rxh5 f6 31. gxf6 Bxf6 32. Nh6+ Kf8 33. Nf5
Rd7 34. Ra1 Kg8 35. Bd2 Kh8 36. Bc3 Rf8 37. Ne3 Rdf7 38. Ng4 Bg7 39. Rah1 Ne8
40. Rxh7+ Kg8 41. Bxe5 Re7 42. Rxg7+ Rxg7 43. Nh6+ 1-0

[Event "Abierto Legislatura Norberto La Porta in memoriam"]
[Site "Buenos Aires, ARG"]
[Date "2009.04.08"]
[Round "5.18"]
[White "Bronstein, Luis Marcos"]
[Black "Lopez Rebert, Pablo"]
[Result "1-0"]
[WhiteElo "2401"]
[BlackElo "2107"]

1. d4 Nf6 2. Nf3 g6 3. c4 c5 4. d5 b5 5. cxb5 a6 6. bxa6 d6 7. e4 Bg7 8. Nc3
O-O 9. h3 Qb6 10. Bd3 Bxa6 11. O-O Bxd3 12. Qxd3 Nbd7 13. Rb1 Rfc8 14. Be3
Qb4 15. a3 Qb7 16. Rfd1 Nb6 17. e5 dxe5 18. Nxe5 c4 19. Qd4 Nbd7 20. Nc6 Kf8
21. Qxc4 Ne5 22. Qb4 Qc7 23. Nxe5 Qxe5 24. Bd4 Qf5 25. Re1 Kg8 26. Re5 Qd3 27.
Rd1 Qc2 28. Re2 Qf5 29. Bxf6 Bxf6 30. Ne4 Bg7 31. Ng3 Qf6 32. Qxe7 Qxe7 33.
Rxe7 Bxb2 34. d6 Bxa3 35. Ne4 Rd8 36. Rb7 Rac8 37. Rd3 Ra8 38. Rf3 Rf8 39. g4
Ra4 40. Nf6+ Kg7 41. Nd7 Rb4 42. Rxb4 Bxb4 43. Nxf8 Kxf8 44. d7 Be7 45. Rd3
Bd8 46. Re3 Be7 47. g5 1-0

[Event "Abierto Legislatura Norberto La Porta in memoriam"]
[Site "Buenos Aires, ARG"]
[Date "2009.04.08"]
[Round "5.19"]
[White "Tristan, Leonardo"]
[Black "Ponzo, Fabian Alejandro"]
[Result "1-0"]
[WhiteElo "2393"]
[BlackElo "2097"]

1. e4 c5 2. Nc3 d6 3. Nf3 Nf6 4. d4 cxd4 5. Nxd4 Nc6 6. Bc4 Qb6 7. Be3 Qxb2
8. Ndb5 Qb4 9. Qe2 Qa5 10. Bd2 Qd8 11. Nd5 Nxd5 12. exd5 Ne5 13. Bb3 a6 14. f4
Nf3+ 15. Qxf3 axb5 16. O-O g6 17. f5 f6 18. Rae1 Bg7 19. Qg3 Kf7 20. fxg6+
hxg6 21. Qd3 Bd7 22. Re3 Bh6 23. Rg3 Qb6+ 24. Kh1 Rag8 25. Bc3 Bf5 26. Qe2 Bg5
27. Rxg5 fxg5 28. Bxh8 Rxh8 29. g4 1-0

[Event "Abierto Legislatura Norberto La Porta in memoriam"]
[Site "Buenos Aires, ARG"]
[Date "2009.04.08"]
[Round "5.20"]
[White "Lujan, Carolina"]
[Black "Uelf, Maximiliano"]
[Result "0-1"]
[WhiteElo "2360"]
[BlackElo "2096"]

1. e4 a6 2. d4 b5 3. Bd3 Bb7 4. Nf3 Nf6 5. e5 Nd5 6. O-O e6 7. a4 bxa4 8. Re1
c5 9. c4 Nb4 10. Be4 Bxe4 11. Rxe4 cxd4 12. Nxd4 N8c6 13. Nc3 Nxd4 14. Rxd4
Nc6 15. Re4 d6 16. Qxa4 Qd7 17. Bf4 Nxe5 18. Bxe5 dxe5 19. Rxe5 Qxa4 20. Rxa4
Rb8 21. Re2 Bb4 22. Nd5 a5 23. Nxb4 Rxb4 24. Rxb4 axb4 25. Re5 Kd7 26. Rb5
Kc6 27. Rxb4 Kc5 28. Rb7 Kxc4 29. Rxf7 g5 30. Rc7+ Kd5 31. h3 h6 32. Kf1 Rb8
33. Rd7+ Ke4 34. Rd2 h5 35. Ke2 e5 36. Kd1 g4 37. hxg4 hxg4 38. Kc2 Rc8+ 39.
Kb1 Rb8 40. Re2+ Kd4 41. Kc2 Rc8+ 42. Kd2 e4 43. Kd1 g3 44. Rd2+ Ke5 45. fxg3
Rg8 46. b4 Rxg3 47. Rb2 Kd6 48. Ke1 e3 49. Kf1 Kc6 50. Kg1 Kb5 51. Kh2 Rg5
52. Re2 Re5 53. Kg3 Kc4 54. b5 Kd3 55. Ra2 e2 56. Ra3+ Kc2 57. Ra2+ Kc3 58.
Rxe2 Rxe2 59. b6 Kd4 60. Kf3 Rb2 61. g3 Ke5 62. Kg4 Kf6 0-1

[Event "Abierto Legislatura Norberto La Porta in memoriam"]
[Site "Buenos Aires, ARG"]
[Date "2009.04.08"]
[Round "5.21"]
[White "Contessotto, Enrique"]
[Black "Seidler, Aldo E."]
[Result "1-0"]
[WhiteElo "2124"]
[BlackElo "2330"]

1. e4 c5 2. Nf3 e6 3. d3 d6 4. Nbd2 Nc6 5. g3 Nf6 6. Bg2 Be7 7. O-O O-O 8.
Re1 Qc7 9. Nf1 a6 10. h4 e5 11. Bg5 Be6 12. c3 d5 13. Bxf6 Bxf6 14. Ng5 d4 15.
Nxe6 fxe6 16. Bh3 Qf7 17. Qb3 Rae8 18. Re2 g5 19. h5 Qxh5 20. Bxe6+ Kh8 21.
g4 Qh3 22. Ng3 Ne7 23. Bf7 Rc8 24. Bh5 Ng6 25. Bxg6 hxg6 26. Qxb7 Rce8 27.
cxd4 Re7 28. Qd5 cxd4 29. Qd6 Kg7 30. Rc2 Qxg4 31. Rc7 Rxc7 32. Qxc7+ Rf7 33.
Qc1 Be7 34. Qd1 Qf4 35. Qe2 g4 36. Kg2 Bh4 37. Rh1 Qf3+ 38. Qxf3 gxf3+ 39. Kh3
Bg5 40. Kg4 Bh6 41. Rb1 Rf4+ 42. Kh3 Bg5 43. Kh2 Rh4+ 44. Kg1 Bf4 45. b4 Rh3
46. a4 Bxg3 47. fxg3 Rxg3+ 48. Kf2 Rg2+ 49. Kxf3 Rd2 50. Rb3 Ra2 51. b5 axb5
52. axb5 Ra7 53. Kg4 Kf6 54. b6 Rb7 55. Rb2 Kf7 56. Kg5 Kg7 57. Rb5 Kf7 58.
Rb2 Kg7 59. Rb1 Kf7 60. Rf1+ Ke7 61. Rf6 Rb8 62. Rxg6 Kd7 63. Kf5 Re8 64. b7
Kc7 65. Re6 Rd8 66. Kxe5 Kxb7 67. Rd6 Re8+ 68. Kxd4 Kc7 69. e5 Rh8 70. Kd5 Rh4
71. d4 Rh1 72. Rf6 Ra1 73. Rf7+ Kd8 74. e6 Ke8 75. Rh7 Ra5+ 76. Kd6 Ra6+ 77.
Ke5 Ra5+ 78. d5 Kd8 79. Rd7+ Ke8 80. Rb7 Kd8 81. e7+ 1-0